Mô phỏng dòng chảy trong lòng dẫn hở sử dụng sơ đồ McCormack
Tổng quan về vấn đề nghiên cứu; Hệ phương trình mô tả và phương pháp giải số theo sơ đồ McCORMACK; Phân tích sơ đồ tính - cấu trúc mô hình; Phân tích thiết kế và cài đặt chương trình tính toán thủy lực theo sơ đồ McCORMACK; Ứng dụng chương trình đã thiết lập tính cho một số đoạn lòng dẫn mở; Kết luậ...
Shranjeno v:
| Glavni avtor: | |
|---|---|
| Drugi avtorji: | |
| Format: | Knjiga |
| Jezik: | Vietnamese |
| Izdano: |
Đà Nẵng,
2002.
|
| Teme: | |
| Oznake: |
Označite
Brez oznak, prvi označite!
|
| Thư viện lưu trữ: | Mạng thư viện Đại học Đà Nẵng |
|---|
| LEADER | 01731cam a2200385 a 4500 | ||
|---|---|---|---|
| 001 | 000043537 | ||
| 003 | 1514 | ||
| 005 | 20060216094212.0 | ||
| 008 | 010217b2002 vm 000 vie | ||
| 040 | |a LRC |c LRC |d LRC | ||
| 041 | 0 | |a vie | |
| 082 | 1 | 4 | |a 627.028 |b TÔ-T |
| 100 | 1 | |a Tôn Thất Tính. | |
| 245 | 1 | 0 | |a Mô phỏng dòng chảy trong lòng dẫn hở sử dụng sơ đồ McCormack |h [Thesis-Luận văn thạc sĩ] / |c Tôn Thất Tính ; Nguyễn Thế Hùng hướng dẫn. |
| 260 | |a Đà Nẵng, |c 2002. | ||
| 300 | |a 68 tr. ; |c 29 cm. | ||
| 520 | 3 | |a Tổng quan về vấn đề nghiên cứu; Hệ phương trình mô tả và phương pháp giải số theo sơ đồ McCORMACK; Phân tích sơ đồ tính - cấu trúc mô hình; Phân tích thiết kế và cài đặt chương trình tính toán thủy lực theo sơ đồ McCORMACK; Ứng dụng chương trình đã thiết lập tính cho một số đoạn lòng dẫn mở; Kết luận và kiến nghị. | |
| 630 | 0 | 4 | |a Thủy lợi. |
| 630 | 0 | 4 | |a McCormack. |
| 650 | 0 | 4 | |a Thủy lợi. |
| 650 | 0 | 4 | |a Dòng chảy. |
| 700 | 1 | |a Nguyễn Thế Hùng, |c PGS.TS., |e hướng dẫn. | |
| OWN | |a DUT | ||
| AVA | |a UDN50 |b DUT |c Internal Resources |d 627.028 TÔ-T |e available |t Error 5001 Not defined in file expand_doc_bib_avail. |f 1 |g 0 |h N |i 0 |j NS |k 1 | ||
| 999 | |a From the UDN01 | ||
| AVA | |a UDN50 |b DUT |c Internal Resources |d 627.028 TÔ-T |e available |t Error 5001 Not defined in file expand_doc_bib_avail. |f 1 |g 0 |h N |i 0 |j NS |k 1 | ||
| TYP | |a Mixed Materials | ||
| TYP | |a Monograph | ||
| TYP | |a Printed language | ||
| 980 | |a Mạng thư viện Đại học Đà Nẵng | ||